How to train your dragon / (Record no. 8195)

MARC details
000 -LEADER
fixed length control field 01328nam a22003495i 4500
001 - CONTROL NUMBER
control field 8195
003 - CONTROL NUMBER IDENTIFIER
control field FISKH
005 - DATE AND TIME OF LATEST TRANSACTION
control field 20250902081839.0
008 - FIXED-LENGTH DATA ELEMENTS--GENERAL INFORMATION
fixed length control field 250213s2025 nyu j 000 0 eng
010 ## - LIBRARY OF CONGRESS CONTROL NUMBER
LC control number 2025932497
020 ## - INTERNATIONAL STANDARD BOOK NUMBER
International Standard Book Number 9780316587235
Qualifying information (hardcover)
020 ## - INTERNATIONAL STANDARD BOOK NUMBER
International Standard Book Number 9780340999073
035 ## - SYSTEM CONTROL NUMBER
System control number 24030297
040 ## - CATALOGING SOURCE
Original cataloging agency DLC
Language of cataloging eng
Description conventions rda
Transcribing agency DLC
050 ## - LIBRARY OF CONGRESS CALL NUMBER
Classification number PZ7.C83535 H
082 ## - DEWEY DECIMAL CLASSIFICATION NUMBER
Classification number 823.92
100 1# - MAIN ENTRY--PERSONAL NAME
Personal name Cowell, Cressida,
Relator term author.
245 10 - TITLE STATEMENT
Title How to train your dragon /
Statement of responsibility, etc. Cressida Cowell, Cressida Cowell.
260 ## - PUBLICATION, DISTRIBUTION, ETC.
Place of publication, distribution, etc. New York :
Name of publisher, distributor, etc. Little, Brown and Company,
Date of publication, distribution, etc. 2003.
300 ## - PHYSICAL DESCRIPTION
Extent 227 pages :
Other physical details color illustrations ;
Dimensions 20 cm
336 ## - CONTENT TYPE
Content type term text
Content type code txt
Source rdacontent
337 ## - MEDIA TYPE
Media type term unmediated
Media type code n
Source rdamedia
338 ## - CARRIER TYPE
Carrier type term volume
Carrier type code nc
Source rdacarrier
490 0# - SERIES STATEMENT
Series statement How to train your dragon
520 ## - SUMMARY, ETC.
Summary, etc. "Chronicles the adventures and misadventures of Hiccup Horrendous Haddock the Third as he tries to pass the important initiation test of his Viking clan, the Tribe of the Hairy Hooligans, by catching and training a dragon"--
Assigning source Provided by publisher.
521 ## - TARGET AUDIENCE NOTE
Target audience note Ages 8-12
Source Little, Brown and Company
650 ## - SUBJECT ADDED ENTRY--TOPICAL TERM
Topical term or geographic name entry element Adventure
Form subdivision Children's Literature
General subdivision Fantasy
Chronological subdivision Young Adult
700 1# - ADDED ENTRY--PERSONAL NAME
Personal name Cowell, Cressida,
Relator term illustrator.
906 ## - LOCAL DATA ELEMENT F, LDF (RLIN)
a 0
b ibc
c orignew
d 2
e epcn
f 20
g y-gencatlg
942 ## - ADDED ENTRY ELEMENTS (KOHA)
Source of classification or shelving scheme Dewey Decimal Classification
Koha item type Books
Suppress in OPAC No
Holdings
Withdrawn status Lost status Source of classification or shelving scheme Damaged status Not for loan Collection Home library Current library Shelving location Date acquired Total Checkouts Full call number Barcode Date last seen Date last checked out Copy number Price effective from Koha item type
    Dewey Decimal Classification     Fiction Footprints International School Library Network Toul Kork Campus Footprints International School Library Network Toul Kork Campus A TK Campus, 4th Floor, Room B401, Fiction Bookcases (1-6) 09/02/2025 1 COW 823.92 PZ7.C83535 H FISTKG5A052 10/31/2025 10/31/2025 1 09/02/2025 Books